000 00799nam a2200205Ia 4500
001 14872
003 GE_BSU
008 181216s||||||||xx |||||||||||||| ||und||
040 _cGE_BSU
080 _a519.675
100 _aБлох,Л.С.
245 _aТреугольная система координат и ее применение для некоторых металлургических рассчетов
245 _cРед.Денисюк И.Н.и В.Н.Парцевский
260 _aМосква
260 _bГостехиздат
260 _c1952
300 _a93стр.22см.
653 _aТреугольная система координат и ее применение для некоторых металлургических рассчетов
942 _cBK
999 _c47994
_d47994